000 00217nam a2200097Ia 4500
008 230508s1989 xx 000 0 und d
041 _aeng
100 _aPOPOV E.P.
245 _aMECHANICS OF MATERIALS
260 _c1989
999 _c315086
_d315086